[Event "BLR-ch U20"]
[Site "Minsk"]
[Date "2008.04.22"]
[Round "9"]
[White "Podolchenko, Evgeniy"]
[Black "Redko, Stepan"]
[Result "0-1"]
[WhiteElo "2482"]
[BlackElo "2256"]
[PlyCount "52"]
[EventDate "2008.04.14"]
[EventType "tourn"]
[EventRounds "9"]
[EventCountry "BLR"]
[EventCategory "2"]
[SourceTitle "EXT 2010"]
[Source "ChessBase"]
[SourceDate "2010.11.25"]
[SourceVersion "1"]
[SourceVersionDate "2010.11.25"]
[SourceQuality "1"]

1. d4 Nf6 2. c4 g6 3. Nc3 d5 4. Nf3 Bg7 5. Qb3 dxc4 6. Qxc4 0-0 7. e4 Nfd7 8. Be3 Nb6 9. Qc5 Bg4 10. 0-0-0 a5 11. h3 Bxf3 12. gxf3 a4 13. a3 Nc6 14. Kb1 e6 15. h4 h5 16. f4 Bf6 17. Nb5 Rc8 18. Be2 Na5 19. Qc2 Nb3 20. Rhg1 c6 21. Nc3 Bg7 22. Nxa4 Nxd4 23. Nc5 Nxc2 24. Rxd8 Nxa3+ 25. bxa3 Rcxd8 26. Ka2 Bd4 0-1

[Event "BLR-ch U20"]
[Site "Minsk"]
[Date "2008.04.16"]
[Round "3"]
[White "Redko, Stepan"]
[Black "Shchur, Vladimir"]
[Result "1-0"]
[WhiteElo "2256"]
[BlackElo "2225"]
[PlyCount "109"]
[EventDate "2008.04.14"]
[EventType "tourn"]
[EventRounds "9"]
[EventCountry "BLR"]
[EventCategory "2"]
[SourceTitle "EXT 2010"]
[Source "ChessBase"]
[SourceDate "2010.11.25"]
[SourceVersion "1"]
[SourceVersionDate "2010.11.25"]
[SourceQuality "1"]

1. d4 d5 2. c4 c6 3. Nf3 e6 4. Qc2 Nf6 5. Bg5 h6 6. Bxf6 Qxf6 7. Nbd2 Nd7 8. a3 g6 9. e4 dxe4 10. Nxe4 Qf4 11. Bd3 Bg7 12. 0-0 0-0 13. Rfe1 e5 14. Nd6 exd4 15. c5 Ne5 16. Nxe5 Bxe5 17. g3 Qf6 18. Ne4 Qd8 19. f4 Bg7 20. Nd6 b6 21. Bc4 Bf5 22. Nxf5 gxf5 23. Qxf5 Qf6 24. Qd3 Rfe8 25. Rad1 Bf8 26. Re5 Rxe5 27. fxe5 Qxe5 28. Qg6+ Kh8 29. Qxc6 Rb8 30. Rf1 bxc5 31. Rxf7 Bg7 32. Qg6 Qe3+ 33. Kg2 Rxb2+ 34. Kh3 Qg5 35. Rxg7 Qxg6 36. Rxg6 Rc2 37. Rg8+ Kh7 38. Bd3+ Kxg8 39. Bxc2 Kf7 40. Kg4 Ke6 41. Kf4 Kd5 42. Be4+ Kc4 43. g4 Kb3 44. h4 c4 45. g5 hxg5+ 46. hxg5 d3 47. g6 d2 48. Bf3 c3 49. g7 c2 50. g8Q+ Kxa3 51. Qf8+ Ka2 52. Bd5+ Kb2 53. Qb4+ Kc1 54. Qa3+ Kd1 55. Bf3+ 1-0

[Event "Bykova Memorial 4th"]
[Site "Vladimir"]
[Date "2006.12.22"]
[Round "13"]
[White "Girya, Olga"]
[Black "Redko, Stepan"]
[Result "1/2-1/2"]
[WhiteElo "2240"]
[BlackElo "2228"]
[PlyCount "26"]
[EventDate "2006.12.14"]
[EventType "tourn"]
[EventRounds "14"]
[EventCountry "RUS"]
[EventCategory "1"]
[SourceTitle "EXT 2019"]
[Source "ChessBase"]
[SourceDate "2018.10.10"]
[SourceVersion "1"]
[SourceVersionDate "2018.10.10"]
[SourceQuality "1"]

1. e4 e6 2. d4 d5 3. Nc3 Bb4 4. Nge2 dxe4 5. a3 Bxc3+ 6. Nxc3 Nc6 7. Bb5 Nge7 8. Nxe4 0-0 9. c3 e5 10. 0-0 exd4 11. Bg5 Qd5 12. Bd3 dxc3 13. Qc2 Ng6 1/2-1/2

[Event "Bykova Memorial 4th"]
[Site "Vladimir"]
[Date "2006.12.20"]
[Round "10"]
[White "Redko, Stepan"]
[Black "Dudukin, Ilya"]
[Result "1/2-1/2"]
[WhiteElo "2228"]
[BlackElo "2434"]
[PlyCount "46"]
[EventDate "2006.12.14"]
[EventType "tourn"]
[EventRounds "14"]
[EventCountry "RUS"]
[EventCategory "1"]
[SourceTitle "EXT 2019"]
[Source "ChessBase"]
[SourceDate "2018.10.10"]
[SourceVersion "1"]
[SourceVersionDate "2018.10.10"]
[SourceQuality "1"]

1. d4 Nf6 2. c4 e6 3. Nf3 Nc6 4. g3 Bb4+ 5. Bd2 Qe7 6. Bg2 Bxd2+ 7. Qxd2 Ne4 8. Qc2 Qb4+ 9. Nbd2 Nxd2 10. Qxd2 Qxc4 11. 0-0 Qb4 12. Qd3 Qe7 13. e4 0-0 14. Rfe1 d6 15. Qc3 e5 16. d5 Nb8 17. b4 a5 18. bxa5 Na6 19. Nd2 Qg5 20. Rab1 Nc5 21. Nb3 Na6 22. Nd2 Nc5 23. Nb3 Na6 1/2-1/2

[Event "Bykova Memorial 4th"]
[Site "Vladimir"]
[Date "2006.12.18"]
[Round "7"]
[White "Kashlinskaya, Alina"]
[Black "Redko, Stepan"]
[Result "0-1"]
[WhiteElo "2121"]
[BlackElo "2228"]
[PlyCount "56"]
[EventDate "2006.12.14"]
[EventType "tourn"]
[EventRounds "14"]
[EventCountry "RUS"]
[EventCategory "1"]
[SourceTitle "EXT 2019"]
[Source "ChessBase"]
[SourceDate "2018.10.10"]
[SourceVersion "1"]
[SourceVersionDate "2018.10.10"]
[SourceQuality "1"]

1. d4 Nf6 2. c4 Nc6 3. Nf3 d6 4. d5 Ne5 5. Nxe5 dxe5 6. g3 g6 7. b3 e6 8. Bg2 exd5 9. cxd5 Bb4+ 10. Bd2 Nxd5 11. 0-0 Bxd2 12. Qxd2 Nf6 13. Qc3 Nd7 14. f4 0-0 15. fxe5 Re8 16. Nd2 Rxe5 17. Ne4 Qe7 18. Qxc7 Rxe4 19. Bxe4 Qxe4 20. Qd8+ Nf8 21. Rxf7 Kxf7 22. Rf1+ Bf5 23. Qxa8 Ne6 24. Qxa7 Ng5 25. Rxf5+ gxf5 26. h4 Ne6 27. Qf2 Nd4 28. e3 Nc2 0-1

[Event "Bykova Memorial 4th"]
[Site "Vladimir"]
[Date "2006.12.16"]
[Round "3"]
[White "Savina, Anastasia"]
[Black "Redko, Stepan"]
[Result "1/2-1/2"]
[WhiteElo "2140"]
[BlackElo "2228"]
[PlyCount "127"]
[EventDate "2006.12.14"]
[EventType "tourn"]
[EventRounds "14"]
[EventCountry "RUS"]
[EventCategory "1"]
[SourceTitle "EXT 2019"]
[Source "ChessBase"]
[SourceDate "2018.10.10"]
[SourceVersion "1"]
[SourceVersionDate "2018.10.10"]
[SourceQuality "1"]

1. d4 Nf6 2. c4 g6 3. Nc3 Bg7 4. e4 d6 5. Nf3 0-0 6. Be2 e5 7. 0-0 Nc6 8. d5 Ne7 9. b4 Nh5 10. Re1 c6 11. Be3 f5 12. Ng5 Nf6 13. Bf3 cxd5 14. cxd5 h6 15. Ne6 Bxe6 16. dxe6 fxe4 17. Nxe4 Nxe4 18. Bxe4 d5 19. Bc5 dxe4 20. Qxd8 Rfxd8 21. Bxe7 Re8 22. Bc5 b6 23. Be3 Rxe6 24. Rec1 Rd8 25. a4 Red6 26. Kf1 Bf8 27. b5 Rd5 28. Rc7 R8d7 29. Rac1 h5 30. h4 Bb4 31. Rxd7 Rxd7 32. Ke2 Kf7 33. Rc6 Bd6 34. Rc8 Ke6 35. Rg8 Kd5 36. Rxg6 Kc4 37. g4 hxg4 38. Rxg4 Bc5 39. Rxe4+ Kd5 40. Rg4 Bxe3 41. Kxe3 Rc7 42. Kd3 Rf7 43. Ke2 Rh7 44. f3 Rc7 45. Kf2 Rc1 46. Re4 Ke6 47. Rg4 Kf5 48. Rg7 Rc4 49. Rg5+ Kf6 50. Rg4 Rc1 51. Ke3 Ra1 52. Rc4 Rh1 53. Rc6+ Kf5 54. Rc7 Rxh4 55. Rxa7 Rd4 56. Ra6 Rf4 57. Rxb6 Rxa4 58. Rb8 Rb4 59. b6 Rb3+ 60. Ke2 Ke6 61. Rh8 Kd5 62. Rh6 Kc5 63. Rh5 Kd4 64. Rh4+ 1/2-1/2

[Event "Bykova Memorial 4th"]
[Site "Vladimir"]
[Date "2006.12.14"]
[Round "1"]
[White "Papenin, Nikolai"]
[Black "Redko, Stepan"]
[Result "1-0"]
[WhiteElo "2354"]
[BlackElo "2228"]
[PlyCount "79"]
[EventDate "2006.12.14"]
[EventType "tourn"]
[EventRounds "14"]
[EventCountry "RUS"]
[EventCategory "1"]
[SourceTitle "EXT 2019"]
[Source "ChessBase"]
[SourceDate "2018.10.10"]
[SourceVersion "1"]
[SourceVersionDate "2018.10.10"]
[SourceQuality "1"]

1. d4 Nf6 2. c4 g6 3. Nc3 Bg7 4. e4 d6 5. Bd3 0-0 6. Nge2 Nc6 7. 0-0 e5 8. d5 Nb4 9. Bb1 a5 10. a3 Na6 11. Bc2 Nc5 12. f3 Ne8 13. Be3 f5 14. exf5 gxf5 15. f4 e4 16. Nd4 Nf6 17. h3 Kh8 18. Rb1 Qe7 19. b4 axb4 20. axb4 Na6 21. Ndb5 Rd8 22. Re1 Qf7 23. Qd2 Ne8 24. Nd4 Nf6 25. Ndb5 Nh5 26. g4 fxg4 27. Nxe4 Nf6 28. Ng5 Qh5 29. Bd4 gxh3 30. Re7 Rf8 31. Nxh7 Bf5 32. Nxf6 Bxf6 33. Kh2 Bxc2 34. Qxc2 Bxd4 35. Nxd4 Rxf4 36. Qb2 Rf6 37. Rf1 Rg8 38. Ne2 Rg2+ 39. Kh1 Qe5 40. Qxe5 1-0

[Event "BLR-ch U20"]
[Site "Minsk"]
[Date "2006.04.10"]
[Round "4"]
[White "Redko, Stepan"]
[Black "Pogosian, Manvel"]
[Result "1-0"]
[WhiteElo "2228"]
[BlackElo "2144"]
[PlyCount "59"]
[EventDate "2006.04.07"]
[EventType "tourn"]
[EventRounds "9"]
[EventCountry "BLR"]
[EventCategory "2"]
[SourceTitle "CBM 111 Extra"]
[Source "ChessBase"]
[SourceDate "2006.05.09"]
[SourceVersion "1"]
[SourceVersionDate "2006.05.09"]
[SourceQuality "1"]

1. d4 d5 2. c4 e6 3. Nc3 Nf6 4. cxd5 exd5 5. Bg5 Be7 6. e3 c6 7. Bd3 0-0 8. Nf3 Nbd7 9. Qc2 Re8 10. 0-0 Nf8 11. h3 g6 12. Ne5 Ne6 13. Bh6 Ng7 14. g4 Nd7 15. f4 Nxe5 16. fxe5 Bg5 17. Bxg5 Qxg5 18. Qf2 Be6 19. Kh2 h5 20. Qf4 Qe7 21. gxh5 Nxh5 22. Qh6 Qf8 23. Qg5 Qe7 24. Rf6 Ng7 25. Rg1 Rad8 26. Qh6 Bc8 27. Rgxg6 fxg6 28. Qxg6 Qxf6 29. exf6 Rd7 30. fxg7 1-0

[Event "BLR-ch U20"]
[Site "Minsk"]
[Date "2006.04.07"]
[Round "1"]
[White "Redko, Stepan"]
[Black "Podolchenko, Evgeniy"]
[Result "1/2-1/2"]
[WhiteElo "2228"]
[BlackElo "2252"]
[PlyCount "28"]
[EventDate "2006.04.07"]
[EventType "tourn"]
[EventRounds "9"]
[EventCountry "BLR"]
[EventCategory "2"]
[SourceTitle "CBM 111 Extra"]
[Source "ChessBase"]
[SourceDate "2006.05.09"]
[SourceVersion "1"]
[SourceVersionDate "2006.05.09"]
[SourceQuality "1"]

1. e4 e6 2. d4 d5 3. exd5 exd5 4. Bd3 Nc6 5. c3 Bd6 6. Nf3 Nge7 7. 0-0 Bg4 8. Bg5 Qd7 9. Nbd2 0-0 10. Qc2 Bf5 11. Bh4 Bxd3 12. Qxd3 Nf5 13. Bg3 Nxg3 14. hxg3 a6 1/2-1/2

[Event "BLR-ch U20"]
[Site "Minsk"]
[Date "2005.04.16"]
[Round "9"]
[White "Romanov, Vladimir1"]
[Black "Redko, Stepan"]
[Result "1-0"]
[WhiteElo "2221"]
[BlackElo "2150"]
[PlyCount "117"]
[EventDate "2005.04.08"]
[EventType "tourn"]
[EventRounds "9"]
[EventCountry "BLR"]
[EventCategory "2"]
[SourceTitle "CBM 105 Extra"]
[Source "ChessBase"]
[SourceDate "2005.05.01"]
[SourceVersion "1"]
[SourceVersionDate "2005.05.01"]
[SourceQuality "1"]

1. e4 e6 2. d4 d5 3. e5 c5 4. c3 Qb6 5. Nf3 Nc6 6. a3 Nh6 7. Bd3 cxd4 8. cxd4 Bd7 9. Bc2 f5 10. 0-0 Nf7 11. Nc3 g6 12. b4 Be7 13. Re1 Ncd8 14. Ba4 Bxa4 15. Nxa4 Qb5 16. Bd2 g5 17. h4 g4 18. Ng5 Qd3 19. Nc5 Bxc5 20. dxc5 Nxg5 21. Bxg5 Qxd1 22. Raxd1 Nc6 23. f3 gxf3 24. gxf3 Rg8 25. Kf2 Kf7 26. Bf6 a6 27. Rg1 Rxg1 28. Rxg1 Rg8 29. Rxg8 Kxg8 30. Ke3 Kf7 31. Kd3 Kg6 32. Kc3 f4 33. a4 Kf5 34. b5 axb5 35. axb5 Nxe5 36. Bxe5 Kxe5 37. b6 d4+ 38. Kc4 d3 39. c6 d2 40. cxb7 d1Q 41. b8Q+ Kf5 42. Qf8+ Kg6 43. Qg8+ Kf6 44. Qg5+ Kf7 45. Qxf4+ Ke7 46. Qc7+ Kf6 47. Qf4+ Ke7 48. Qg5+ Kf7 49. Qh5+ Kg7 50. Qe5+ Kf7 51. f4 Qc2+ 52. Kb5 Qb1+ 53. Kc6 Qh1+ 54. Kd7 Qd1+ 55. Kc8 Qa4 56. b7 Qe8+ 57. Kc7 Qe7+ 58. Kc6 Qe8+ 59. Kb6 1-0

[Event "BLR-ch U20"]
[Site "Minsk"]
[Date "2005.04.13"]
[Round "6"]
[White "Redko, Stepan"]
[Black "Maiorov, Nikita"]
[Result "1-0"]
[WhiteElo "2150"]
[BlackElo "2449"]
[PlyCount "74"]
[EventDate "2005.04.08"]
[EventType "tourn"]
[EventRounds "9"]
[EventCountry "BLR"]
[EventCategory "2"]
[SourceTitle "CBM 105 Extra"]
[Source "ChessBase"]
[SourceDate "2005.05.01"]
[SourceVersion "1"]
[SourceVersionDate "2005.05.01"]
[SourceQuality "1"]

1. d4 Nf6 2. c4 e6 3. Nf3 b6 4. g3 Ba6 5. b3 Bb4+ 6. Bd2 Be7 7. Bg2 d5 8. Bc3 0-0 9. Ne5 Bb7 10. 0-0 Na6 11. Bb2 Qc8 12. Nc3 Rd8 13. cxd5 exd5 14. Rc1 c5 15. e3 Bf8 16. g4 Ne4 17. Nxe4 dxe4 18. g5 Bd6 19. Nxf7 Kxf7 20. Qh5+ Ke7 21. dxc5 bxc5 22. Bh3 Qc7 23. Bxg7 Rf8 24. Qxh7 Ke8 25. g6 Bc8 26. Bxf8 Bxf8 27. Qh5 Bg7 28. Bxc8 Rxc8 29. Rc4 Kd7 30. Rd1+ Kc6 31. Qd5+ Kb6 32. Qe6+ Kb5 33. a4+ Ka5 34. Rd7 Qe5 35. b4+ Kxa4 36. Qxa6+ Kb3 37. bxc5 Rb8 1-0